Vývoj dlhodobej nezamestnanosti v SR a ČR. Porovnanie bakalárska práca

Enregistré dans:
Détails bibliographiques
Auteur principal: Petrufková, Mária
Collectivité auteur: Fakulta hospodárskej informatiky EU. Katedra štatistiky
Autres auteurs: Rublíková, Eva
Format: Livre
Langue:slovaque
Publié: Bratislava 2014
Tags: Ajouter un tag
Pas de tags, Soyez le premier à ajouter un tag!

MARC

LEADER 00000nbm a2200000 4500
001 0189787
005 20170201111504.6
041 0 |a slo 
044 |a SK 
245 1 0 |a Vývoj dlhodobej nezamestnanosti v SR a ČR. Porovnanie  |b bakalárska práca  |c Mária Petrufková ; školiteľ: Eva Rublíková 
264 1 |a Bratislava  |c 2014 
300 |a 50 s. 
100 1 |a Petrufková, Mária 
700 1 |a Rublíková, Eva 
710 2 |a Fakulta hospodárskej informatiky EU. Katedra štatistiky